Music Quiz

Random Music or Bands Quiz

Pixelated Album Covers Quiz Stats

 Plays Quiz Updated Mar 30, 2015

Also try: That Album SOCKS!
Challenge
Share
Tweet
Score 0/24 Timer 08:00
10 Plays Today
% Correct
Michael Jackson - Thriller (1982)
96.4%
Nirvana - Nevermind (1991)
92.4%
Pink Floyd - The Dark Side of the Moon (1973)
89.8%
Adele - 21 (2011)
78.5%
Bruce Springsteen - Born in the U.S.A. (1984)
76.8%
Green Day - American Idiot (2004)
76.7%
The Beatles - Sgt. Pepper's Lonely Hearts Club Band (1967)
73.4%
Gorillaz - Demon Days (2005)
62.7%
Bob Dylan - Blonde on Blonde (1966)
61.6%
Weezer - Weezer (1994)
57.8%
The Velvet Underground & Nico - The Velvet Underground & Nico (1967)
49%
David Bowie - Aladdin Sane (1973)
47.9%
% Correct
Metallica - Master of Puppets (1986)
45.2%
Radiohead - The Bends (1995)
44.8%
Red Hot Chili Peppers - Californication (1999)
43.3%
Sex Pistols - Never Mind the Bollocks, Here's the Sex Pistols (1977)
42.1%
Katy Perry - Teenage Dream (2010)
40.5%
Kanye West - Graduation (2007)
38.7%
Meat Loaf - Bat Out of Hell (1977)
37.1%
Marilyn Manson - Mechanical Animals (1998)
36.9%
Amy Winehouse - Back to Black (2006)
30.3%
Björk - Post (1995)
29.8%
Blondie - Parallel Lines (1978)
23.5%
Primal Scream - Screamadelica (1991)
16.3%

You're not logged in!

Compare scores with friends on all Sporcle quizzes.
Join for Free
OR
Log In

You Might Also Like...

Show Comments

Extras

Top Quizzes Today


Score Distribution

Your Account Isn't Verified!

In order to create a playlist on Sporcle, you need to verify the email address you used during registration. Go to your Sporcle Settings to finish the process.

Report this User

Report this user for behavior that violates our Community Guidelines.

Details: